000 01028nam a2200217Ia 4500
003 Ost
005 20260507075054.0
008 260507s9999||||xx |||||||||||||| ||und||
040 _cfsecg
041 _aara
082 _a346.07565
100 _aالعكيلي، عزيز
_eمؤلف
245 0 _aالوجيز في شرح القانون التجاري :
_bوفقا للخطة الدراسية لكليات الإدارة والإقتصاد في الجامعات الأردنية /
_c عزيز العكيلي
260 _aعمان:
_bدار الثقافة للنشر والتوزيع;الدار العلمية الدولية للنشر والتوزيع,
_c2000
300 _a384 صفحة؛
_c24 سم
490 _aالمكتبة القانونية
_v351
520 _aالأعمال التجارية والتجار والمتجر والعقود التجارية، الشركات التجارية، الأوراق التجارية
653 _aالأردن
653 _aالقانون التجاري
942 _cكتاب
999 _c42705
_d42705